Interaction of NBR rubber with regenerated cellulose (Record no. 61501)

MARC details
000 -LEADER
fixed length control field 00507nam a2200181Ia 4500
100 ## - MAIN ENTRY--AUTHOR NAME
Personal name Nunes R C R
245 #0 - TITLE STATEMENT
Title Interaction of NBR rubber with regenerated cellulose
260 ## - PUBLICATION, DISTRIBUTION, ETC. (IMPRINT)
Name of publisher Kautschuk Gummi Kunststoffe
Year of publication 1999
300 ## - PHYSICAL DESCRIPTION
Number of Pages 787-793
650 ## - SUBJECT ADDED ENTRY--TOPICAL TERM
Topical Term Crosslink density
650 ## - SUBJECT ADDED ENTRY--TOPICAL TERM
Topical Term Filler loading
650 ## - SUBJECT ADDED ENTRY--TOPICAL TERM
Topical Term Nitrile rubber properties
650 ## - SUBJECT ADDED ENTRY--TOPICAL TERM
Topical Term Regenerated cellulose
650 ## - SUBJECT ADDED ENTRY--TOPICAL TERM
Topical Term Rubber composites
700 ## - ADDED ENTRY--PERSONAL NAME
Personal name Affonso J E S
942 ## - ADDED ENTRY ELEMENTS (KOHA)
Koha item type Journals
Holdings
Withdrawn status Lost status Damaged status Not for loan Home library Current library Shelving location Date acquired Serial Enumeration / chronology Koha item type
      Journals RRII Library RRII Library Rubber chemistry 17/12/2021 Volume 52, Issue 12 Journals